| 000 | 00711nam a22002057a 4500 | ||
|---|---|---|---|
| 005 | 20170818161516.0 | ||
| 010 | _aENG-119713 | ||
| 020 |
_a9788193312810 _c916.00 |
||
| 035 | _aEN-103245 | ||
| 037 | _bDBAD/PUB | ||
| 082 | _a305.0954 | ||
| 245 |
_aBeing a minority in India : _cedtied by Arvinder A. Ansari [and] Imtiaz A. Ansari _bissues and challenges / |
||
| 260 |
_aNew Delhi _bAlterNotes Press _c2016 |
||
| 270 |
_a161/55, Hasrat Mohani Lane, Ghafoor Nagar Road Jamia Nagar, _bNew Delhi _e110020 |
||
| 300 |
_axvii,253p. _c21cm |
||
| 500 | _aIncludes bibliographical references | ||
| 700 | _a Ansari, Arvinder A. | ||
| 700 | _aAnsari, Imtiaz A. | ||
| 942 |
_2ddc _cEN _h305.0954 _mANS |
||
| 999 |
_c143501 _d143501 |
||